header

A republic of men (Record no. 63119)

MARC details
000 -LEADER
fixed length control field 01840nam a2200373 a 4500
082 04 - DEWEY DECIMAL CLASSIFICATION NUMBER
Classification number 305.32/0973/09033
100 1# - MAIN ENTRY--AUTHOR NAME
Personal name Kann, Mark E.
245 12 - TITLE STATEMENT
Title A republic of men
260 ## - PUBLICATION, DISTRIBUTION, ETC. (IMPRINT)
Place of publication New York :
Name of publisher New York University Press,
Year of publication c1998.
300 ## - PHYSICAL DESCRIPTION
Number of Pages x, 238 p.
505 0# - FORMATTED CONTENTS NOTE
Formatted contents note The culture of manhood -- The grammar of manhood -- The bachelor and other disorderly men -- The family man and citizenship -- The better sort and leadership -- The heroic man and national destiny -- The founders' gendered legacy.
650 #0 - SUBJECT ADDED ENTRY--TOPICAL TERM
Topical Term Political culture
Topical Term Political science
Topical Term Men
Topical Term Patriarchy
Topical Term Sex role
Topical Term Social role
856 40 - ELECTRONIC LOCATION AND ACCESS
Uniform Resource Identifier http://site.ebrary.com/lib/rucke/Doc?id=10032493

No items available.

© 2026 Rongo University
Contact us: librarian | system librarian | Rongo university